Κατάλογος Βιβλιοθηκών Mediterranean College

Sociology / Third Edition (Record no. 391)

MARC details
000 -LEADER
fixed length control field 01088cam a22002054a 4500
005 - ΗΜΕΡΟΜΗΝΙΑ ΚΑΙ ΩΡΑ ΤΕΛΕΥΤΑΙΑΣ ΕΝΗΜΕΡΩΣΗΣ
Πεδίο ελέγχου 20250605163933.0
008 - FIXED-LENGTH DATA ELEMENTS--GENERAL INFORMATION
Πεδίο ελέγχου σταθερού μήκους 250528s ||||||||||||||||||||||||d
035 ## - SYSTEM CONTROL NUMBER
System control number 14772
020 ## - ISBN
ISBN 745618030
040 ## - ΠΗΓΗ ΚΑΤΑΛΟΓΟΓΡΑΦΗΣΗΣ
Φορέας πρωτότυπης καταλογογράφησης MC Athens Campus Library
Γλώσσα καταλογογράφησης Ελληνικά, Μοντέρνα (1453-)
Modifying agency MC Athens Campus Library
Κανόνες περιγραφικής καταλογογράφησης AACR2
245 1# - ΤΙΤΛΟΣ ΚΑΙ ΔΗΛΩΣΗ ΥΠΕΥΘΥΝΟΤΗΤΑΣ
Τίτλος Sociology / Third Edition
250 ## - EDITION STATEMENT
Edition statement THIRD
260 ## - PUBLICATION, DISTRIBUTION, ETC.
Name of publisher, distributor, etc. Policy Press,
Date of publication, distribution, etc. 1997
300 ## - PHYSICAL DESCRIPTION
Extent 626
520 ## - SUMMARY, ETC.
Summary, etc. What is Sociology?, Culture and Society and the Individual, Types of Society, Social Interaction and Everyday Life, Gender and Sexuality, The Body: Eating and Illness and Ageing, Family and Marriage and Personal Life, Deviance and Crime, Ethnicity and Race, Stratification and Class Structure, Modern Organizations, Work and Economic Life, Government and Political Power and War, Mass Media and Popular Culture, Education, Religion, Cities and the Development of Modern Urbanism, Revolutions and Social Movements, Global Change and Ecological Crisis, Sociological Research Methods, Sociological Theory, Bibliography, Index.
700 1# - ΠΡΟΣΘΕΤΗ ΑΝΑΓΡΑΦΗ--ΦΥΣΙΚΟ ΠΡΟΣΩΠΟ
Personal name Giddens Anthony
9 (RLIN) 516
942 ## - ADDED ENTRY ELEMENTS (KOHA)
Koha item type Books
Holdings
Τύπος τεκμηρίου Βιβλιοθήκη Τρέχουσα τοποθεσία Barcode Αριθμός εισαγωγής Ημερομηνία απόκτησης Ταξιθετικό σύμβολο Αριθμός αντιτύπου Κατάσταση απόσυρσης Κατάσταση χαμένου Κατάσταση κατεστραμμένου Μη δανεισμός Σύνολο δανεισμών Ημερομηνία τελευταίας εμφάνισης Η τιμή ισχύει από
Books MC Athens Campus Library MC Athens Campus Library 9780000003904 4666 05/06/2025 301 GID 1           05/06/2025 05/06/2025

MC Athens Campus Library
Πατησίων 94 & Κοδριγκτώνος 13, 104 34
Πελλήνης 8 & Πατησίων 107, 112 51
Τ: +30 210 8899600

MC Thessaloniki Campus Library
Ίωνος Δραγούμη 21, 54625 | Ίωνος Δραγούμη 15, 54625
Τ: +30 2310 287779 – Τ: +30 2314 440300